000 01674nam a2200421 i 4500
001 32284
003 KOSZ 005
005 20211102091357.0
008 060509s2007 pl a |001 0 pol
020 _a8321334806
020 _a8321334792
040 _cKOSZ 005
_aKOSZ 005
_dKOSZ 005/HR
041 1 _apol
_hspa
046 _k1970
080 _a73/76.03(091)
080 _a72.03(091)
245 0 0 _aSztuka świata.
_nT. 1 /
_c[aut. oryg. hisz. José Pijoan et. al. ; aut. tekstów pol. Karol Myśliwiec, Antoni Mierzejewski, Przemysław Trzeciak ; przekł. Teresa Marzyńska i Anira Łobodzińska ; wyd. pol. przygot. zespół Anna Lewicka-Morawska et al.].
246 1 _iTyt. oryg.:
_aHistoria del arte,
_f1970
250 _a[Wyd. 6].
260 _aWarszawa :
_b"Arkady",
_c1996.
300 _a366, [1] s. :
_bil., fot. kolor. ;
_c30 cm.
380 _aKsiążki
388 _a1901-2000
500 _aNa podst. oryg. : "Historia del arte" 1970.
504 _aBibliogr. s. 360-362. - Indeks.
650 4 _aHistoria sztuki
658 _aKultura i sztuka
700 1 _aTrzeciak, Przemysław
_d(1931- )
_eAutor
700 1 _aLewicka-Morawska, Anna
_d(1952-2015)
_eOpracowanie
700 1 _aPijoan, José
_d(1881-1963)
_eAutor
700 1 _aMyśliwiec, Karol
_d(1943- )
_eAutor
700 1 _aMierzejewski, Antoni
_eAutor
700 1 _aMarzyńska, Teresa
_eTłumaczenie
700 1 _aŁobodzińska, Anira
_eTłumaczenie
710 2 _aWydawnictwo Arkady
_4pbl.
856 _uhttp://koha.tu.koszalin.pl/cgi-bin/koha/opac-detail.pl?biblionumber=32284
_yKatalog online BPK
942 _cKS
_2UKD
999 _c32284
_d32284